[Event "III ShakkiNet International"]
[Site "Helsinki"]
[Date "2001.06.21"]
[Round "1"]
[White "Maki-Uuro, Miikka"]
[Black "Horvath, Csaba"]
[Result "1/2-1/2"]
[WhiteElo "2346"]
[BlackElo "2508"]
[PlyCount "54"]

1. d4 Nf6 2. Nf3 c5 3. c3 e6 4. Bg5 cxd4 5. cxd4 Qb6 6. Qc2 Nc6 7. Bxf6 gxf6 8.
e3 d5 9. Nc3 Bd7 10. Be2 Rc8 11. O-O Na5 12. Nd2 f5 13. a3 Bd6 14. Rfc1 f4 15.
e4 dxe4 16. Ndxe4 Be7 17. Nc5 Rxc5 18. dxc5 Bxc5 19. Ne4 Bd4 20. Rd1 Nb3 21.
Bb5 Bxb5 22. Qxb3 Bc6 23. Qc4 Be5 24. Qc5 Qxc5 25. Nxc5 Bxb2 26. Rab1 Bxa3 27.
Nxb7 O-O 1/2-1/2

[Event "III ShakkiNet International"]
[Site "Helsinki"]
[Date "2001.06.21"]
[Round "1"]
[White "Blauert, Joerg"]
[Black "Salmensuu, Olli"]
[Result "1/2-1/2"]
[WhiteElo "2405"]
[BlackElo "2441"]
[PlyCount "116"]

1. e4 e6 2. d4 d5 3. Nd2 c5 4. Ngf3 Nc6 5. exd5 Qxd5 6. Bc4 Qd6 7. O-O cxd4 8.
Nb3 Nf6 9. Nbxd4 Nxd4 10. Qxd4 Qxd4 11. Nxd4 a6 12. Bf4 b5 13. Be2 Bb7 14. c4
bxc4 15. Bxc4 Be7 16. Rac1 O-O 17. Be5 Nd5 18. Bxd5 Bxd5 19. Nc6 Bh4 20. g3 Bg5
21. f4 Bd8 22. Nxd8 Rfxd8 23. a3 a5 24. Bc7 Re8 25. b4 axb4 26. axb4 Ra4 27.
Bd6 h5 28. Rf2 Rd8 29. Bc7 Rc8 30. Rb2 Ra7 31. Rbc2 Be4 32. Rc4 Bd5 33. R4c2
Ra3 34. Rb2 Rca8 35. b5 Ra2 36. Rcb1 Be4 37. b6 Bxb1 38. Rxa2 Rxa2 39. b7 Rb2
40. b8=Q+ Rxb8 41. Bxb8 Bc2 42. h4 Kh7 43. Kg2 Kg6 44. Be5 f6 45. Bd4 Kf5 46.
Bc5 Kg4 47. Bf8 g6 48. Bc5 e5 49. fxe5 fxe5 50. Be3 e4 51. Bd4 Bd3 52. Be3 Bc2
53. Bd4 g5 54. hxg5 Kxg5 55. Be3+ Kg4 56. Bd4 h4 57. gxh4 e3 58. Bxe3 Kxh4
1/2-1/2

[Event "III ShakkiNet International"]
[Site "Helsinki"]
[Date "2001.06.21"]
[Round "1"]
[White "Karttunen, Mika"]
[Black "Nyback, Tomi"]
[Result "1/2-1/2"]
[WhiteElo "2466"]
[BlackElo "2330"]
[PlyCount "103"]

1. Nf3 Nf6 2. c4 c5 3. Nc3 Nc6 4. e4 e6 5. d3 a6 6. Bg5 Be7 7. Qc1 d6 8. Be2
Rb8 9. a4 b6 10. O-O h6 11. Be3 Ng4 12. Bd2 Nge5 13. Nxe5 dxe5 14. f4 Nd4 15.
Bd1 Bd6 16. Ne2 Nxe2+ 17. Bxe2 exf4 18. Bxf4 Qc7 19. Qe3 Bxf4 20. Rxf4 Qe5 21.
Raf1 O-O 22. b4 a5 23. b5 f5 24. Qg3 Rf6 25. Bh5 Kh7 26. exf5 exf5 27. Re1 Qd6
28. Re8 Bd7 29. Rxb8 Qxb8 30. d4 g5 31. Re4 Qf8 32. Re5 Qd6 33. d5 Kg7 34. Qe3
Kf8 35. h4 f4 36. Qe4 g4 37. Kf2 Kg8 38. Be8 Kf8 39. Bh5 Kg8 40. Kg1 Kf8 41.
Be8 Bc8 42. h5 f3 43. Bg6 f2+ 44. Kf1 Bd7 45. g3 Kg8 46. Be8 Bf5 47. Rxf5 Qxg3
48. Rxf6 Qg1+ 49. Ke2 Qe1+ 50. Kd3 Qd1+ 51. Ke3 Qe1+ 52. Kd3 1/2-1/2

[Event "III ShakkiNet International"]
[Site "Helsinki"]
[Date "2001.06.21"]
[Round "1"]
[White "Agopov, Mikael"]
[Black "Holmsten, Aleksei"]
[Result "0-1"]
[WhiteElo "2368"]
[BlackElo "2442"]
[PlyCount "120"]

1. Nf3 Nf6 2. c4 g6 3. Nc3 d5 4. Qa4+ c6 5. cxd5 Nxd5 6. Qd4 f6 7. e4 Nb6 8.
Qxd8+ Kxd8 9. d4 Bg4 10. Be2 N8d7 11. Bf4 e5 12. dxe5 Bxf3 13. Bxf3 fxe5 14.
Bg3 h5 15. Rd1 Ke7 16. Bh4+ Ke6 17. g4 Be7 18. Bxe7 Kxe7 19. gxh5 gxh5 20. Rg1
Rag8 21. Ke2 Nc5 22. Rxg8 Rxg8 23. Bxh5 Ne6 24. Kf1 Rh8 25. Bg4 Rxh2 26. Bxe6
Kxe6 27. Ke2 Nd7 28. Rg1 a5 29. a3 b5 30. b4 a4 31. Nd1 Rh4 32. Rg6+ Nf6 33. f3
Kf7 34. Rg2 Nd7 35. Ne3 Rh1 36. f4 exf4 37. Rf2 Ke6 38. Rxf4 Ne5 39. Rf1 Rh2+
40. Rf2 Rh1 41. Rf1 Rh4 42. Kd2 Rxe4 43. Rh1 Rd4+ 44. Kc2 Rd3 45. Rh6+ Kf7 46.
Nf5 Rxa3 47. Nd4 Ra2+ 48. Kc3 Ra3+ 49. Kc2 Rg3 50. Rh5 Rg4 51. Kc3 Rg3+ 52. Kc2
Rg4 53. Kc3 Nd7 54. Rh7+ Ke8 55. Rh6 Nb6 56. Nxc6 Nd5+ 57. Kb2 Rg2+ 58. Kc1 a3
59. Nd4 Rg1+ 60. Kc2 a2 0-1

[Event "III ShakkiNet International"]
[Site "Helsinki"]
[Date "2001.06.21"]
[Round "1"]
[White "Horvath, Joszef"]
[Black "Solozhenkin, Evgeniy"]
[Result "1/2-1/2"]
[WhiteElo "2551"]
[BlackElo "2512"]
[PlyCount "66"]

1. d4 Nf6 2. Nf3 e6 3. c4 b6 4. g3 Ba6 5. b3 Bb4+ 6. Bd2 Be7 7. Bg2 c6 8. Bc3
d5 9. Nbd2 Nbd7 10. O-O O-O 11. Re1 c5 12. e4 dxc4 13. Nxc4 cxd4 14. Nxd4 Rc8
15. e5 Nd5 16. Bxd5 exd5 17. Nf5 dxc4 18. Qg4 Bg5 19. e6 fxe6 20. Nxg7 Nc5 21.
Rad1 Nd3 22. Nxe6 Nxf2 23. Rxd8 Nxg4 24. Rxf8+ Rxf8 25. Nxg5 cxb3 26. axb3 h6
27. Ne4 Rf3 28. b4 Bb7 29. Bd2 Nxh2 30. Kxh2 Bxe4 31. Bxh6 Rf2+ 32. Kh3 Bg2+
33. Kh4 Kf7 1/2-1/2

[Event "III ShakkiNet International"]
[Site "Helsinki"]
[Date "2001.06.23"]
[Round "2"]
[White "Horvath, Csaba"]
[Black "Solozhenkin, Evgeniy"]
[Result "1/2-1/2"]
[WhiteElo "2508"]
[BlackElo "2512"]
[PlyCount "121"]

1. d4 Nf6 2. Nf3 e6 3. g3 c5 4. Bg2 Nc6 5. c4 cxd4 6. Nxd4 Bc5 7. Nb3 Bb4+ 8.
Bd2 d5 9. cxd5 Nxd5 10. O-O O-O 11. e4 Nb6 12. Bxb4 Nxb4 13. Nc3 Nc4 14. a3 Nd3
15. Qc2 Ndxb2 16. Ra2 Bd7 17. Rxb2 Nxb2 18. Qxb2 Rc8 19. Rd1 Qc7 20. Rd3 Rfd8
21. h4 Be8 22. Re3 Rd6 23. e5 Rb6 24. Ne4 Ba4 25. Nd6 Qc2 26. Qd4 Bxb3 27. Nxc8
Qxc8 28. Rc3 Qe8 29. Rc7 g6 30. Bxb7 Bd5 31. Bxd5 exd5 32. Rxa7 Rb1+ 33. Kh2
Re1 34. Qxd5 Rxe5 35. Qb7 Rb5 36. Qa6 Qe5 37. Qc8+ Kg7 38. Ra8 Qc5 39. Qg8+ Kf6
40. Ra6+ Ke7 41. Qa8 Qxf2+ 42. Qg2 Qd4 43. Rc6 Rb3 44. Rc2 Rxa3 45. Qb7+ Kf6
46. Qb2 Qxb2 47. Rxb2 h5 48. Kg2 Rd3 49. Rb7 Ke6 50. Ra7 Rd7 51. Ra5 Rd5 52.
Ra7 f6 53. Kf3 Kf5 54. Ra3 Rb5 55. Re3 Ra5 56. Rb3 g5 57. hxg5 fxg5 58. g4+
hxg4+ 59. Kg3 Ra4 60. Rb5+ Kg6 61. Rb8 1/2-1/2

[Event "III ShakkiNet International"]
[Site "Helsinki"]
[Date "2001.06.23"]
[Round "2"]
[White "Holmsten, Aleksei"]
[Black "Horvath, Joszef"]
[Result "1/2-1/2"]
[WhiteElo "2442"]
[BlackElo "2551"]
[PlyCount "42"]

1. Nf3 Nf6 2. g3 g6 3. Bg2 Bg7 4. O-O O-O 5. d4 d5 6. c4 dxc4 7. Na3 c3 8. bxc3
c5 9. Ne5 Nd5 10. Bb2 Nc6 11. Nac4 Be6 12. Nxc6 bxc6 13. Qa4 Rb8 14. dxc5 Bxc3
15. Bxd5 Qxd5 16. Bxc3 Qxc4 17. Qxc4 Bxc4 18. Rfd1 Rfd8 19. Be5 Rbc8 20. Kf1 f6
21. Bf4 Kf7 1/2-1/2

[Event "III ShakkiNet International"]
[Site "Helsinki"]
[Date "2001.06.23"]
[Round "2"]
[White "Nyback, Tomi"]
[Black "Agopov, Mikael"]
[Result "1-0"]
[WhiteElo "2330"]
[BlackElo "2368"]
[PlyCount "59"]

1. Nf3 Nf6 2. b3 d5 3. Bb2 Bg4 4. e3 Nbd7 5. h3 Bh5 6. g4 Bg6 7. Nh4 e5 8. Nxg6
hxg6 9. c4 c6 10. cxd5 cxd5 11. Nc3 g5 12. Qf3 e4 13. Qf5 g6 14. Qxg5 Bh6 15.
Qh4 d4 16. Nb5 dxe3 17. fxe3 Bg7 18. Nd6+ Kf8 19. Qg5 Qe7 20. Ba3 Kg8 21. Bc4
Ne5 22. Nxf7 Nf3+ 23. Ke2 Qxa3 24. Ne5+ Kf8 25. Nxg6+ Ke8 26. Qb5+ Nd7 27. Qxb7
Rd8 28. Qd5 Ng5 29. Raf1 Qc5 30. Qf7+ 1-0

[Event "III ShakkiNet International"]
[Site "Helsinki"]
[Date "2001.06.23"]
[Round "2"]
[White "Salmensuu, Olli"]
[Black "Karttunen, Mika"]
[Result "0-1"]
[WhiteElo "2441"]
[BlackElo "2466"]
[PlyCount "68"]

1. e4 c6 2. d4 d5 3. e5 Bf5 4. Nc3 Qb6 5. Bd3 Bxd3 6. Qxd3 e6 7. Nge2 Qa6 8.
Qh3 Ne7 9. O-O h5 10. Nf4 g6 11. Nce2 Nd7 12. Nd3 Bh6 13. b3 Nf5 14. a4 O-O-O
15. Bxh6 Rxh6 16. Rfc1 g5 17. Qf3 f6 18. c4 Nh4 19. Qe3 Nf5 20. Qd2 dxc4 21.
bxc4 fxe5 22. a5 c5 23. d5 e4 24. Nb2 Ne5 25. Nc3 Nd4 26. Qd1 exd5 27. cxd5 Ng4
28. h3 Kb8 29. Ra4 Qd6 30. g3 Ne3 31. Nxe4 Nxd1 32. Nxd6 Nxb2 33. Rxd4 cxd4 34.
Nf7 d3 0-1

[Event "III ShakkiNet International"]
[Site "Helsinki"]
[Date "2001.06.23"]
[Round "2"]
[White "Maki-Uuro, Miikka"]
[Black "Blauert, Joerg"]
[Result "1-0"]
[WhiteElo "2346"]
[BlackElo "2405"]
[PlyCount "81"]

1. c4 e6 2. Nf3 d5 3. g3 Nf6 4. Bg2 dxc4 5. Qa4+ Nbd7 6. Qxc4 c5 7. O-O b6 8.
Nc3 Bb7 9. e4 Be7 10. Qe2 Nb8 11. Rd1 Nc6 12. d4 cxd4 13. e5 Nd7 14. Nxd4 Nxd4
15. Rxd4 Bxg2 16. Kxg2 Qc7 17. Bf4 O-O 18. Rad1 Rfd8 19. Qf3 Rab8 20. Nb5 Qb7
21. Qxb7 Rxb7 22. Rc4 g5 23. Be3 a6 24. Nc3 Rdb8 25. f4 gxf4 26. gxf4 Nf8 27.
Ne4 Ng6 28. Nd6 Rd7 29. Rc6 Nh4+ 30. Kf2 Nf5 31. Nxf5 Rxd1 32. Nxe7+ Kf8 33.
Nc8 Rh1 34. Nxb6 Rd8 35. Rd6 Rxd6 36. exd6 Rxh2+ 37. Kf3 Rxb2 38. Bd4 Rxb6 39.
Bxb6 Ke8 40. Bd4 Kd7 41. Be5 1-0

[Event "III ShakkiNet International"]
[Site "Helsinki"]
[Date "2001.06.24"]
[Round "3"]
[White "Blauert, Joerg"]
[Black "Horvath, Csaba"]
[Result "1/2-1/2"]
[WhiteElo "2405"]
[BlackElo "2508"]
[PlyCount "106"]

1. e4 g6 2. d4 Bg7 3. Nf3 d6 4. Be2 c5 5. c3 Qc7 6. Bf4 Nd7 7. Nbd2 e5 8. dxe5
dxe5 9. Bg3 Ngf6 10. Nc4 Nxe4 11. Qd5 Ndf6 12. Qxe5+ Qxe5 13. Bxe5 O-O 14. O-O
Be6 15. Nd6 b6 16. Bc4 Bxc4 17. Nxc4 Nd7 18. Bxg7 Kxg7 19. Rad1 Rad8 20. Rd3
Ndf6 21. Rfd1 Rxd3 22. Rxd3 b5 23. Nd6 c4 24. Rd4 Nxd6 25. Rxd6 Rb8 26. a3 a5
27. Kf1 b4 28. axb4 axb4 29. Nd2 bxc3 30. bxc3 Rb2 31. Ke1 Rc2 32. Kd1 Ra2 33.
Rd4 h5 34. h3 g5 35. Rxc4 h4 36. Ke2 Nd5 37. g3 hxg3 38. fxg3 Kg6 39. Kd3 Ra1
40. h4 gxh4 41. Rxh4 f5 42. Kd4 Nf6 43. c4 Rd1 44. Kc3 Rg1 45. Rh3 Nh5 46. c5
Nxg3 47. c6 Rc1+ 48. Kb2 Ne2 49. Re3 Rxc6 50. Rxe2 Kg5 51. Rg2+ Kf4 52. Rf2+
Ke3 53. Rxf5 Kxd2 1/2-1/2

[Event "III ShakkiNet International"]
[Site "Helsinki"]
[Date "2001.06.24"]
[Round "3"]
[White "Karttunen, Mika"]
[Black "Maki-Uuro, Miikka"]
[Result "1/2-1/2"]
[WhiteElo "2466"]
[BlackElo "2346"]
[PlyCount "125"]

1. c4 e6 2. Nf3 Nf6 3. g3 d5 4. Bg2 Be7 5. O-O O-O 6. b3 c5 7. Bb2 Nc6 8. cxd5
Nxd5 9. Na3 b6 10. Nc4 Bb7 11. d4 cxd4 12. Nxd4 Nxd4 13. Bxd4 b5 14. Ne5 f6 15.
Nd3 e5 16. Nc5 Bxc5 17. Bxc5 Rf7 18. Qd3 Nb6 19. Qxb5 Bxg2 20. Kxg2 Qd5+ 21.
Kg1 Nd7 22. Rac1 Rb8 23. Qa5 Nxc5 24. Rxc5 Qe4 25. Rc7 Rxc7 26. Qxc7 Rb7 27.
Qc8+ Kf7 28. h3 h5 29. Rd1 Kg6 30. Rd2 a5 31. Qc2 Qxc2 32. Rxc2 a4 33. Rc3 axb3
34. axb3 Ra7 35. Rc1 Ra2 36. Rb1 Rxe2 37. b4 Rd2 38. b5 Rd7 39. b6 Rb7 40. Kg2
Kf5 41. Kf3 g6 42. h4 Ke6 43. g4 hxg4+ 44. Kxg4 Kd5 45. h5 f5+ 46. Kg5 gxh5 47.
Kxh5 Ke4 48. Kg5 f4 49. Rb3 f3 50. Rb5 Rb8 51. b7 Kd3 52. Kf5 e4 53. Kf4 Rf8+
54. Kg3 Rg8+ 55. Kf4 Rf8+ 56. Kg3 Rg8+ 57. Kh4 e3 58. b8=Q Rxb8 59. Rxb8 exf2
60. Rb1 Ke2 61. Kg3 f1=Q 62. Rxf1 Kxf1 63. Kxf3 1/2-1/2

[Event "III ShakkiNet International"]
[Site "Helsinki"]
[Date "2001.06.24"]
[Round "3"]
[White "Agopov, Mikael"]
[Black "Salmensuu, Olli"]
[Result "0-1"]
[WhiteElo "2368"]
[BlackElo "2441"]
[PlyCount "66"]

1. e4 c6 2. Nc3 d5 3. Nf3 dxe4 4. Nxe4 Bf5 5. Ng3 Bg6 6. h4 h6 7. Ne5 Bh7 8.
Qh5 g6 9. Qf3 Nf6 10. Qb3 Qd5 11. Qxb7 Qxe5+ 12. Be2 e6 13. Qxa8 Bc5 14. c3 Qc7
15. d4 Bd6 16. Be3 O-O 17. d5 c5 18. Bf3 exd5 19. Bxd5 Bxg3 20. fxg3 Qxg3+ 21.
Ke2 Re8 22. Bxf7+ Kxf7 23. Qf3 Qe5 24. Rhe1 g5 25. Kf1 Be4 26. Qe2 Qh2 27. Rad1
Re5 28. Qc4+ Kg7 29. Rd2 Ng4 30. Qa4 Bxg2+ 31. Rxg2 Rf5+ 32. Ke2 Qxg2+ 33. Kd3
Ne5# 0-1

[Event "III ShakkiNet International"]
[Site "Helsinki"]
[Date "2001.06.24"]
[Round "3"]
[White "Horvath, Joszef"]
[Black "Nyback, Tomi"]
[Result "1-0"]
[WhiteElo "2551"]
[BlackElo "2330"]
[PlyCount "51"]

1. Nf3 c5 2. c4 Nc6 3. d4 cxd4 4. Nxd4 Nf6 5. Nc3 e6 6. a3 d5 7. cxd5 exd5 8.
Bg5 Be7 9. e3 O-O 10. Be2 Be6 11. O-O Rc8 12. Rc1 Na5 13. f4 Nc4 14. f5 Bd7 15.
Bxc4 dxc4 16. Qf3 Qb6 17. Bxf6 Bxf6 18. Nd5 Qxb2 19. Nxf6+ gxf6 20. Qg3+ Kh8
21. Qd6 Rfd8 22. Qxf6+ Kg8 23. Rxc4 Qxa3 24. Ne6 Bxe6 25. Rg4+ Kf8 26. fxe6 1-0

[Event "III ShakkiNet International"]
[Site "Helsinki"]
[Date "2001.06.24"]
[Round "3"]
[White "Solozhenkin, Evgeniy"]
[Black "Holmsten, Aleksei"]
[Result "1-0"]
[WhiteElo "2512"]
[BlackElo "2442"]
[PlyCount "47"]

1. d4 Nf6 2. c4 g6 3. g3 Bg7 4. Bg2 d5 5. cxd5 Nxd5 6. e4 Nb4 7. d5 c6 8. a3
N4a6 9. Nc3 e6 10. Nge2 exd5 11. exd5 cxd5 12. Nxd5 O-O 13. O-O Nc6 14. Nec3
Nc7 15. Nxc7 Qxc7 16. Bf4 Qb6 17. Nd5 Qxb2 18. Rb1 Qa2 19. Nc7 Bf5 20. Nxa8
Bxb1 21. Qxb1 Qxb1 22. Rxb1 Rxa8 23. Rxb7 Nd4 24. Bb8 1-0

[Event "III ShakkiNet International"]
[Site "Helsinki"]
[Date "2001.06.25"]
[Round "4"]
[White "Horvath, Csaba"]
[Black "Holmsten, Aleksei"]
[Result "1/2-1/2"]
[WhiteElo "2508"]
[BlackElo "2442"]
[PlyCount "53"]

1. d4 Nf6 2. c4 g6 3. Nc3 d5 4. Nf3 Bg7 5. Qb3 dxc4 6. Qxc4 O-O 7. e4 Nc6 8.
Be2 Bg4 9. d5 Na5 10. Qb4 Bxf3 11. Bxf3 c6 12. O-O cxd5 13. exd5 Rc8 14. Re1
Re8 15. Be3 b6 16. Rad1 Nc4 17. Bc1 Nd6 18. Be2 Nd7 19. Nb5 a5 20. Qh4 Rc5 21.
Na7 Qc7 22. Nc6 Ne5 23. b4 axb4 24. Nxb4 Bf6 25. Bg5 Bxg5 26. Qxg5 f6 27. Qf4
1/2-1/2

[Event "III ShakkiNet International"]
[Site "Helsinki"]
[Date "2001.06.25"]
[Round "4"]
[White "Nyback, Tomi"]
[Black "Solozhenkin, Evgeniy"]
[Result "1/2-1/2"]
[WhiteElo "2330"]
[BlackElo "2512"]
[PlyCount "30"]

1. Nf3 Nf6 2. b3 g6 3. Bb2 Bg7 4. c4 O-O 5. e3 c5 6. Be2 Nc6 7. O-O b6 8. d4
cxd4 9. Nxd4 Nxd4 10. Bxd4 Bb7 11. Bf3 Qc7 12. Nc3 Rad8 13. Nd5 Nxd5 14. Bxd5
Bxd5 15. Bxg7 Kxg7 1/2-1/2

[Event "III ShakkiNet International"]
[Site "Helsinki"]
[Date "2001.06.25"]
[Round "4"]
[White "Salmensuu, Olli"]
[Black "Horvath, Joszef"]
[Result "1-0"]
[WhiteElo "2441"]
[BlackElo "2551"]
[PlyCount "99"]

1. e4 c5 2. Nf3 e6 3. c3 d5 4. e5 d4 5. Bd3 Bd7 6. O-O Bc6 7. Re1 g5 8. h3 h5
9. Nh2 g4 10. hxg4 hxg4 11. Qxg4 dxc3 12. Be4 Nh6 13. Qf4 Bxe4 14. Qxe4 cxb2
15. Bxb2 Nc6 16. Na3 Qd7 17. Nb5 O-O-O 18. d4 Nxd4 19. a4 Kb8 20. Rad1 Nhf5 21.
Nf3 a6 22. Nfxd4 cxd4 23. Bxd4 Bc5 24. Bxc5 Qxd1 25. g4 Qd3 26. Bd6+ Rxd6 27.
Nxd6 Qxe4 28. Nxe4 Nh4 29. Re3 Ng6 30. Ng5 Rd8 31. Re4 Rd7 32. f4 Ka7 33. f5
exf5 34. gxf5 Nxe5 35. Rxe5 f6 36. Re6 fxg5 37. f6 Rd4 38. Re2 Rd8 39. a5 Rf8
40. Re6 Kb8 41. Kg2 Kc7 42. Kg3 Kd7 43. Rb6 Ke8 44. Kg4 Rf7 45. Kf5 Rd7 46. Kg6
g4 47. Rb3 Kf8 48. Rc3 Rd8 49. Rc7 g3 50. Rh7 1-0

[Event "III ShakkiNet International"]
[Site "Helsinki"]
[Date "2001.06.25"]
[Round "4"]
[White "Maki-Uuro, Miikka"]
[Black "Agopov, Mikael"]
[Result "1-0"]
[WhiteElo "2346"]
[BlackElo "2368"]
[PlyCount "117"]

1. d4 Nf6 2. Nf3 e6 3. c4 b6 4. e3 Bb7 5. Bd3 g6 6. Nc3 d5 7. O-O Bg7 8. b3 O-O
9. Bb2 Nbd7 10. Rc1 c5 11. Qe2 Rc8 12. Rfd1 Qe7 13. cxd5 exd5 14. Ba6 Bxa6 15.
Qxa6 Qe6 16. Qxa7 c4 17. bxc4 Rxc4 18. Nd2 Rcc8 19. Qa4 h5 20. Ne2 Ra8 21. Qb3
Bh6 22. Rc7 Rfe8 23. Rdc1 Ng4 24. Nf1 Qf5 25. f4 h4 26. h3 Ngf6 27. Nc3 g5 28.
Qc2 Qxc2 29. Rxc2 gxf4 30. exf4 Bxf4 31. Rc6 Re6 32. Ne2 Rxc6 33. Rxc6 Rxa2 34.
Nxf4 Rxb2 35. Rd6 b5 36. Nxd5 Nxd5 37. Rxd5 Nb6 38. Rd8+ Kg7 39. Ne3 b4 40. Rb8
Na4 41. d5 Kf6 42. d6 Ke6 43. Nc4 Rb1+ 44. Kf2 Nc5 45. Rb5 Nd7 46. Ke3 f5 47.
Kf4 Re1 48. Rxb4 Re4+ 49. Kg5 Re2 50. Rb2 Re4 51. Nb6 Ne5 52. d7 Nxd7 53. Nxd7
Kxd7 54. Kxf5 Ra4 55. Kg5 Ke6 56. Rb6+ Kf7 57. Rf6+ Kg7 58. Rf4 Ra2 59. Rg4 1-0

[Event "III ShakkiNet International"]
[Site "Helsinki"]
[Date "2001.06.25"]
[Round "4"]
[White "Blauert, Joerg"]
[Black "Karttunen, Mika"]
[Result "1/2-1/2"]
[WhiteElo "2405"]
[BlackElo "2466"]
[PlyCount "115"]

1. e4 c6 2. d4 d5 3. exd5 cxd5 4. c4 Nf6 5. Nc3 e6 6. Nf3 Bb4 7. cxd5 Nxd5 8.
Qc2 Nc6 9. a3 Be7 10. Bd3 h6 11. O-O O-O 12. Rd1 Bf6 13. Qe2 Nce7 14. Ne5 Nf5
15. Qe4 Bg5 16. Bxg5 hxg5 17. Qg4 Nh6 18. Qe4 f5 19. Qe1 Nf4 20. Bc4 Nd5 21.
Nxd5 exd5 22. Ba2 Rf6 23. Rac1 g4 24. Nd3 f4 25. Rc5 Kh8 26. Rxd5 Qf8 27. Re5
Bd7 28. Nc5 Bf5 29. Ne6 Bxe6 30. Bxe6 Qd6 31. Qe4 Rd8 32. Rd5 Qb6 33. Rxd8+
Qxd8 34. Qe5 Qb6 35. d5 g3 36. hxg3 fxg3 37. Qxg3 Qxb2 38. Qb8+ Kh7 39. Qxa7
Qe2 40. Qd4 Rg6 41. Qd3 Qe5 42. d6 Qxe6 43. d7 Nf7 44. d8=Q Nxd8 45. Qxd8 Qe4
46. f3 Qe3+ 47. Kf1 Qxa3 48. Qh4+ Rh6 49. Qe4+ Rg6 50. g4 Qa6+ 51. Kf2 Qc6 52.
Qf5 b6 53. Kg3 Qe6 54. Qd3 Kg8 55. Qd8+ Kh7 56. Qd3 Kg8 57. Qd8+ Kh7 58. Qd3
1/2-1/2

[Event "III ShakkiNet International"]
[Site "Helsinki"]
[Date "2001.06.26"]
[Round "5"]
[White "Agopov, Mikael"]
[Black "Blauert, Joerg"]
[Result "1/2-1/2"]
[WhiteElo "2368"]
[BlackElo "2405"]
[PlyCount "43"]

1. e4 e6 2. d4 d5 3. Nc3 Nf6 4. Bg5 dxe4 5. Nxe4 Be7 6. Bxf6 Bxf6 7. Nf3 O-O 8.
Qd2 Nd7 9. O-O-O Be7 10. h4 b6 11. Bd3 Bb7 12. Qf4 Nf6 13. Neg5 Bxf3 14. Nxf3
Qd6 15. Ne5 c5 16. dxc5 Qxc5 17. g4 Bd6 18. Rhe1 Nd5 19. Qe4 Nf6 20. Qf4 Nd5
21. Qe4 Nf6 22. Qf4 1/2-1/2

[Event "III ShakkiNet International"]
[Site "Helsinki"]
[Date "2001.06.26"]
[Round "5"]
[White "Solozhenkin, Evgeniy"]
[Black "Salmensuu, Olli"]
[Result "1-0"]
[WhiteElo "2512"]
[BlackElo "2441"]
[PlyCount "84"]

1. d4 Nf6 2. c4 c5 3. d5 b5 4. cxb5 a6 5. bxa6 g6 6. Nc3 Bxa6 7. g3 d6 8. Bg2
Bg7 9. Nh3 O-O 10. O-O Nbd7 11. Qc2 Qa5 12. Bd2 Rfb8 13. b3 Ne5 14. Ng5 h6 15.
Nge4 Bc8 16. Rab1 Ne8 17. a4 Nc7 18. Nb5 Qb6 19. Nxc7 Qxc7 20. Bc3 Qa7 21. Nd2
Bd7 22. Bxe5 Bxe5 23. Nc4 Bg7 24. e4 Rb4 25. Rfe1 Rab8 26. Bf1 Qb7 27. Na5 Qb6
28. Nc4 Qb7 29. Na3 f5 30. Bb5 Bc8 31. Nc4 fxe4 32. Na5 Qa8 33. Nc6 Bf5 34.
Nxb4 cxb4 35. Rxe4 Rc8 36. Bc6 Qa7 37. Qe2 Bxe4 38. Qxe4 Rf8 39. Rf1 Rf6 40.
Qxb4 Rf7 41. Qe4 Rf5 42. Be8 Kh7 1-0

[Event "III ShakkiNet International"]
[Site "Helsinki"]
[Date "2001.06.26"]
[Round "5"]
[White "Holmsten, Aleksei"]
[Black "Nyback, Tomi"]
[Result "0-1"]
[WhiteElo "2442"]
[BlackElo "2330"]
[PlyCount "60"]

1. Nf3 Nf6 2. g3 b5 3. Bg2 Bb7 4. O-O c5 5. d3 g6 6. c4 bxc4 7. dxc4 Bg7 8. Nc3
O-O 9. Bf4 d6 10. Qd2 Re8 11. Bh6 Bh8 12. Rad1 Nc6 13. Qf4 Rb8 14. Nd5 Nxd5 15.
cxd5 Ne5 16. Ng5 Ba6 17. Bh3 Rb4 18. Qc1 Bxe2 19. f4 Nd3 20. Rxd3 Bxd3 21. Nxf7
Bd4+ 22. Rf2 Qb6 23. Be6 Bxf2+ 24. Kg2 Be4+ 25. Kh3 Bf5+ 26. Bxf5 gxf5 27. Qd1
Qb5 28. Ng5 Rxb2 29. Ne4 Qe2 30. Qa4 Qh5+ 0-1

[Event "III ShakkiNet International"]
[Site "Helsinki"]
[Date "2001.06.27"]
[Round "6"]
[White "Salmensuu, Olli"]
[Black "Holmsten, Aleksei"]
[Result "1/2-1/2"]
[WhiteElo "2441"]
[BlackElo "2442"]
[PlyCount "100"]

1. e4 c5 2. Nf3 e6 3. c3 d5 4. e5 Nc6 5. d4 Bd7 6. a3 c4 7. Nbd2 b5 8. Be2 a5
9. b3 a4 10. b4 f6 11. O-O Qc7 12. Re1 O-O-O 13. Nf1 Nge7 14. Bf4 Ng6 15. Bg3
f5 16. Nh4 Be7 17. Nxg6 hxg6 18. f4 g5 19. Qd2 g4 20. Bf2 Rh6 21. Be3 Rdh8 22.
h3 gxh3 23. g4 fxg4 24. Bxg4 Bh4 25. Rec1 Rg6 26. Qd1 Ne7 27. Kh1 Qd8 28. Qf3
Qf8 29. Rc2 Nf5 30. Rh2 Rgh6 31. Raa2 Be8 32. Bc1 Bg6 33. Bxh3 Bh5 34. Bg4 Bxg4
35. Qxg4 Be1 36. Qf3 Rxh2+ 37. Rxh2 Rxh2+ 38. Nxh2 Ng3+ 39. Kg2 Ne4 40. Qh3 Kd7
41. Qh7 Bg3 42. Ng4 Bxf4 43. Bxf4 Qxf4 44. Qxg7+ Kc6 45. Qg8 Qg3+ 46. Kf1 Qf3+
47. Kg1 Qd1+ 48. Kg2 Qe2+ 49. Kg1 Qe1+ 50. Kg2 Qe2+ 1/2-1/2

[Event "III ShakkiNet International"]
[Site "Helsinki"]
[Date "2001.06.27"]
[Round "6"]
[White "Horvath, Csaba"]
[Black "Nyback, Tomi"]
[Result "1-0"]
[WhiteElo "2508"]
[BlackElo "2330"]
[PlyCount "119"]

1. d4 Nf6 2. c4 c5 3. d5 b5 4. cxb5 a6 5. b6 Qxb6 6. Nc3 d6 7. Nf3 g6 8. Nd2
Nbd7 9. e4 Bg7 10. Be2 O-O 11. O-O Rb8 12. Nc4 Qc7 13. Bf4 a5 14. Qc2 Ba6 15.
b3 Nb6 16. e5 Ne8 17. Nxa5 dxe5 18. Be3 Bxe2 19. Qxe2 Nf6 20. Rfd1 Rbd8 21. Nb5
Qc8 22. d6 exd6 23. Nxd6 Qa8 24. Nab7 Rb8 25. Nxc5 Nbd5 26. Bd2 Qc6 27. Nde4
Nh5 28. Rac1 Nhf4 29. Qf1 Ra8 30. a4 f5 31. Nd3 Qb7 32. Nec5 Qf7 33. Nxf4 exf4
34. Qc4 g5 35. a5 Rfc8 36. b4 Bf8 37. Be1 Bxc5 38. bxc5 Nf6 39. f3 Rc6 40. Qb5
Rac8 41. Rd8+ Rxd8 42. Qxc6 Qe7 43. Bf2 Qe2 44. Kh1 Kg7 45. Qb6 Rd2 46. c6 Nd5
47. Qa7+ Kg6 48. c7 Ne7 49. Re1 Rd1 50. Rxd1 Qxd1+ 51. Bg1 g4 52. Qa6+ Kg5 53.
Qe6 gxf3 54. Qxe7+ Kg6 55. Qe6+ Kg7 56. Qe5+ Kg6 57. Qxf4 fxg2+ 58. Kxg2 Qc2+
59. Bf2 Qc6+ 60. Qf3 1-0

[Event "III ShakkiNet International"]
[Site "Helsinki"]
[Date "2001.06.27"]
[Round "6"]
[White "Blauert, Joerg"]
[Black "Horvath, Joszef"]
[Result "1/2-1/2"]
[WhiteElo "2405"]
[BlackElo "2551"]
[PlyCount "54"]

1. e4 g6 2. d4 Bg7 3. Nf3 d6 4. Be2 Nf6 5. Nc3 O-O 6. O-O c5 7. dxc5 dxc5 8.
Be3 b6 9. Qc1 Bb7 10. Rd1 Qc8 11. Nd5 Nc6 12. Nxf6+ Bxf6 13. c3 Ba6 14. Bxa6
Qxa6 15. Bg5 Bg7 16. Qf4 Rad8 17. Rxd8 Rxd8 18. Qc7 Qa4 19. Re1 Rd1 20. Qc8+
Bf8 21. h3 Rxe1+ 22. Nxe1 Qxe4 23. Nf3 Qd5 24. Qe8 Qd6 25. Nd2 Qd5 26. Nf3 Qd6
27. Nd2 Qd5 1/2-1/2

[Event "III ShakkiNet International"]
[Site "Helsinki"]
[Date "2001.06.27"]
[Round "6"]
[White "Karttunen, Mika"]
[Black "Agopov, Mikael"]
[Result "0-1"]
[WhiteElo "2466"]
[BlackElo "2368"]
[PlyCount "180"]

1. d4 Nf6 2. c4 e6 3. g3 d5 4. Bg2 dxc4 5. Nf3 Nc6 6. O-O Rb8 7. Re1 Bb4 8. Nc3
O-O 9. e4 b5 10. Bf4 a6 11. Qd2 Bb7 12. Rad1 Ne7 13. Qc2 Ng6 14. Bc1 c5 15. a3
Bxc3 16. bxc3 cxd4 17. cxd4 Re8 18. Bb2 a5 19. Nd2 Rc8 20. Bc3 Qb6 21. Rb1 e5
22. d5 Nd7 23. Bh3 Ngf8 24. Nf3 Ba6 25. Qd2 Qd6 26. Re3 Qxa3 27. Ra1 Qd6 28.
Rxa5 Rb8 29. Bb4 Qb6 30. Rea3 Bc8 31. Qb2 Nc5 32. Bxc8 Rbxc8 33. Nxe5 Nxe4 34.
Nc6 c3 35. Qc2 Rxc6 36. dxc6 Qxc6 37. Rxc3 Nxc3 38. Qxc3 Qd5 39. Qd2 Qc4 40.
Ra7 h6 41. Qd6 Rc8 42. h4 Ne6 43. Qd7 Nd4 44. Kg2 Qc6+ 45. Kg1 Nf3+ 46. Kf1 Ne5
47. Qf5 Rd8 48. Be1 Re8 49. f3 Qxf3+ 50. Qxf3 Nxf3 51. Bc3 Nh2+ 52. Kg1 Ng4 53.
Ba5 Re3 54. Bc7 b4 55. Rb7 b3 56. Kf1 h5 57. Bf4 Rc3 58. Ke2 f6 59. Rb5 g6 60.
Rb7 Rc2+ 61. Bd2 Ne5 62. Rxb3 Nc4 63. Kd3 Rxd2+ 64. Kxc4 Kf7 65. Rb6 g5 66.
hxg5 fxg5 67. Rh6 Rh2 68. Kd4 Rh3 69. g4 hxg4 70. Ra6 Rf3 71. Ke4 Rf6 72. Ra1
Kg6 73. Ke3 g3 74. Rh1 g4 75. Rg1 Rf3+ 76. Ke2 Kg5 77. Ra1 Rf2+ 78. Ke1 Kh4 79.
Ra8 Kh3 80. Rg8 Rf4 81. Rh8+ Kg2 82. Rh7 Re4+ 83. Kd2 Kf2 84. Rf7+ Kg1 85. Kd3
Ra4 86. Ke2 g2 87. Rh7 Re4+ 88. Kd3 Re8 89. Kd2 Kf2 90. Rf7+ Kg3 0-1